UBT Library

Managing agrodiversity the traditional way : (Record no. 896)

000 -LEADER
fixed length control field 00782nam a22001937a 4500
008 - FIXED-LENGTH DATA ELEMENTS--GENERAL INFORMATION
fixed length control field 150522b xxu||||| |||| 00| 0 eng d
020 ## - INTERNATIONAL STANDARD BOOK NUMBER
International Standard Book Number 9280810987 (pbk.)
041 0# - LANGUAGE CODE
Language code of text/sound track or separate title eng
080 ## - UNIVERSAL DECIMAL CLASSIFICATION NUMBER
Universal Decimal Classification number 320.91
245 00 - TITLE STATEMENT
Title Managing agrodiversity the traditional way :
Statement of responsibility, etc edited by Edwin A. Gyasi ... [et al.].
260 ## -
-- New York :
-- United Nations University Press,
-- c2004.
300 ## -
-- 266 f
-- me il
-- 24 cm.
505 ## -
-- Index:f.259-266
650 #0 -
-- Agrobiodiversiteti
-- Afrikë, Perëndimore.
650 #0 -
-- Agrobiodiversiteti
-- Rastet studimore
-- Afrikë, Perëndimore.
650 #0 -
-- Ruajtja e agrobiodiversitetit
-- Afrikë, Perëndimore.
700 1# -
-- Gyasi, Edwin A.
-- 1943-
942 ## - ADDED ENTRY ELEMENTS (KOHA)
Source of classification or shelving scheme
Item type Books
Holdings
Withdrawn status Lost status Source of classification or shelving scheme Damaged status Not for loan Collection code Permanent location Current location Shelving location Date acquired Total Checkouts Full call number Barcode Date last seen Koha item type Price effective from
          Koleksioni i përgjithshem UBT - Lipjan UBT - Lipjan Koleksioni i përgjithshem 05/22/2015   620.91 GYA 002-008545 05/22/2015 Books  
          Koleksioni i përgjithshem UBT - Lipjan UBT - Lipjan Koleksioni i përgjithshem 10/07/2015   620.91 GYA 002-008546 10/07/2015 Books 10/07/2015
          Koleksioni i përgjithshem UBT - Lipjan UBT - Lipjan Koleksioni i përgjithshem 10/07/2015   620.91 GYA 002-008547 10/07/2015 Books 10/07/2015
          Koleksioni i përgjithshem UBT - Lipjan UBT - Lipjan Koleksioni i përgjithshem 10/07/2015   620.91 GYA 002-008548 10/07/2015 Books 10/07/2015
          Koleksioni i përgjithshem UBT - Lipjan UBT - Lipjan Koleksioni i përgjithshem 10/07/2015   620.91 GYA 002-008549 10/07/2015 Books 10/07/2015
          Koleksioni i përgjithshem UBT - Lipjan UBT - Lipjan Koleksioni i përgjithshem 10/07/2015   620.91 GYA 002-008550 10/07/2015 Books 10/07/2015
          Koleksioni i përgjithshem UBT - Lipjan UBT - Lipjan Koleksioni i përgjithshem 10/07/2015   620.91 GYA 002-008551 10/07/2015 Books 10/07/2015
          Koleksioni i përgjithshem UBT - Lipjan UBT - Lipjan Koleksioni i përgjithshem 10/07/2015   620.91 GYA 002-008552 10/07/2015 Books 10/07/2015
          Koleksioni i përgjithshem UBT - Lipjan UBT - Lipjan Koleksioni i përgjithshem 10/07/2015   620.91 GYA 002-008553 10/07/2015 Books 10/07/2015
          Koleksioni i përgjithshem UBT - Lipjan UBT - Lipjan Koleksioni i përgjithshem 10/07/2015   620.91 GYA 002-008554 10/07/2015 Books 10/07/2015
          Koleksioni i përgjithshem UBT - Lipjan UBT - Lipjan Koleksioni i përgjithshem 10/19/2015   620.91 GYA 002-008402 10/19/2015 Books 10/19/2015
UBT Library © 2015-2024. All rights reserved University Education for Business and Technology